Catalog

Record Details

Catalog Search



Software Process and Product Measurement International Conferences IWSM 2009 and Mensura 2009 Amsterdam, The Netherlands, November 4-6, 2009. Proceedings  Cover Image E-book E-book

Software Process and Product Measurement [electronic resource] : International Conferences IWSM 2009 and Mensura 2009 Amsterdam, The Netherlands, November 4-6, 2009. Proceedings / edited by Alain Abran, René Braungarten, Reiner R. Dumke, Juan J. Cuadrado-Gallego, Jacob Brunekreef.

Electronic resources


LDR 02146nam a22005175i 4500
00138707
003CONS
00520131220080919.0
007cr nn 008mamaa
008100301s2009 gw | s |||| 0|eng d
020 . ‡a9783642054150 ‡9978-3-642-05415-0
0247 . ‡a10.1007/978-3-642-05415-0 ‡2doi
035 . ‡a(DE-He213)978-3-642-05415-0
050 4. ‡aQA76.758
072 7. ‡aUMZ ‡2bicssc
072 7. ‡aCOM051230 ‡2bisacsh
1001 . ‡aAbran, Alain. ‡eeditor.
24510. ‡aSoftware Process and Product Measurement ‡h[electronic resource] : ‡bInternational Conferences IWSM 2009 and Mensura 2009 Amsterdam, The Netherlands, November 4-6, 2009. Proceedings / ‡cedited by Alain Abran, René Braungarten, Reiner R. Dumke, Juan J. Cuadrado-Gallego, Jacob Brunekreef.
264 1. ‡aBerlin, Heidelberg : ‡bSpringer Berlin Heidelberg, ‡c2009.
300 . ‡bonline resource.
336 . ‡atext ‡btxt ‡2rdacontent
337 . ‡acomputer ‡bc ‡2rdamedia
338 . ‡aonline resource ‡bcr ‡2rdacarrier
347 . ‡atext file ‡bPDF ‡2rda
4901 . ‡aLecture Notes in Computer Science, ‡x0302-9743 ; ‡v5891
650 0. ‡aComputer science.
650 0. ‡aComputer system performance.
650 0. ‡aComputer network architectures.
650 0. ‡aSoftware engineering.
650 0. ‡aComputer software.
65014. ‡aComputer Science.
65024. ‡aSoftware Engineering.
65024. ‡aSoftware Engineering/Programming and Operating Systems.
65024. ‡aComputer System Implementation.
65024. ‡aSystem Performance and Evaluation.
65024. ‡aProgramming Techniques.
65024. ‡aAlgorithm Analysis and Problem Complexity.
7001 . ‡aBraungarten, René. ‡eeditor.
7001 . ‡aDumke, Reiner R. ‡eeditor.
7001 . ‡aCuadrado-Gallego, Juan J. ‡eeditor.
7001 . ‡aBrunekreef, Jacob. ‡eeditor.
7102 . ‡aSpringerLink (Online service)
7730 . ‡tSpringer eBooks
77608. ‡iPrinted edition: ‡z9783642054143
830 0. ‡aLecture Notes in Computer Science, ‡x0302-9743 ; ‡v5891
85640. ‡uhttp://biblioteca.ipicyt.edu.mx:2048/login?url=http://dx.doi.org/10.1007/978-3-642-05415-0 ‡yTexto completo ‡9CONS
950 . ‡aComputer Science (Springer-11645)
901 . ‡a38707 ‡b ‡c38707 ‡tbiblio ‡sSystem Local

Additional Resources